Методика и результаты исследования некоторых радиационно-физических характеристик в широком интервале температур; Тезисы докладов межвузовской конференции по вопросам радиационной физики, Томск, 5-10 июня 1967 г.

Podrobná bibliografie
Parent link:Тезисы докладов межвузовской конференции по вопросам радиационной физики, Томск, 5-10 июня 1967 г..— 1967.— С. 98
Hlavní autor: Минаев С. М.
Další autoři: Терентьев Н. Л.
Jazyk:ruština
Vydáno: 1967
Témata:
Médium: MixedMaterials Kapitola
KOHA link:https://koha.lib.tpu.ru/cgi-bin/koha/opac-detail.pl?biblionumber=175966

MARC

LEADER 00000naa2a2200000 4500
001 175966
005 20231031165155.0
035 |a (RuTPU)RU\TPU\book\190765 
035 |a RU\TPU\tpu\938 
090 |a 175966 
100 |a 20100218d1967 k y0rusy50 ca 
101 0 |a rus 
102 |a RU 
200 1 |a Методика и результаты исследования некоторых радиационно-физических характеристик в широком интервале температур  |f С. М. Минаев, Н. Л. Терентьев 
463 0 |0 (RuTPU)RU\TPU\book\179074  |t Тезисы докладов межвузовской конференции по вопросам радиационной физики, Томск, 5-10 июня 1967 г.  |f Томский политехнический институт (ТПИ) ; под ред. А. А. Воробьева  |v С. 98  |d 1967  |p 143 с. 
610 1 |a физика 
610 1 |a труды учёных ТПУ 
700 1 |a Минаев  |b С. М. 
701 1 |a Терентьев  |b Н. Л. 
801 0 |a RU  |b 63413507  |c 20011210  |g PSBO 
801 2 |a RU  |b 63413507  |c 20100219  |g PSBO 
942 |c BK